C Pearls/ (Record no. 2119)
[ view plain ]
| 000 -LEADER | |
|---|---|
| fixed length control field | 00361nam a22001337a 4500 |
| 008 - FIXED-LENGTH DATA ELEMENTS--GENERAL INFORMATION | |
| fixed length control field | 200213b ||||| |||| 00| 0 eng d |
| 020 ## - INTERNATIONAL STANDARD BOOK NUMBER | |
| International Standard Book Number | 8170298598 |
| 100 ## - MAIN ENTRY--PERSONAL NAME | |
| 9 (RLIN) | 1612 |
| Personal name | Kanetkar, Yashavant |
| 245 10 - TITLE STATEMENT | |
| Title | C Pearls/ |
| 260 ## - PUBLICATION, DISTRIBUTION, ETC. (IMPRINT) | |
| Place of publication, distribution, etc | New-Delhi |
| Name of publisher, distributor, etc | BPB Publication |
| Date of publication, distribution, etc | 2005 |
| 300 ## - PHYSICAL DESCRIPTION | |
| Extent | viii,291p. |
| 650 #0 - SUBJECT ADDED ENTRY--TOPICAL TERM | |
| Topical term or geographic name as entry element | Programming Language - C |
| 942 ## - ADDED ENTRY ELEMENTS (KOHA) | |
| Item type | Books |
| Withdrawn status | Lost status | Source of classification or shelving scheme | Damaged status | Not for loan | Permanent location | Current location | Date acquired | Source of acquisition | Full call number | Barcode | Date last seen | Cost, replacement price | Koha item type |
|---|---|---|---|---|---|---|---|---|---|---|---|---|---|
| IMU Kolkata | IMU Kolkata | 2006-11-30 | Jyoti, the Book People | 005.133 K1636 | 09773 | 2020-02-13 | 165.00 | Books | |||||
| IMU Kolkata | IMU Kolkata | 2006-11-30 | Jyoti, the Book People | 005.133 K1636 | 09774 | 2020-02-13 | 165.00 | Books | |||||
| IMU Kolkata | IMU Kolkata | 2006-11-30 | Jyoti, the Book People | 005.133 K1636 | 09775 | 2020-02-13 | 165.00 | Books | |||||
| IMU Kolkata | IMU Kolkata | 2006-11-30 | Jyoti, the Book People | 005.133 K1636 | 09776 | 2020-02-13 | 165.00 | Books | |||||
| IMU Kolkata | IMU Kolkata | 2006-11-30 | Jyoti, the Book People | 005.133 K1636 | 09777 | 2020-02-13 | 165.00 | Books |